00835nam a2200205 i 450000100060000000300090000600500170001500700030003200800410003510000420007624500760011826000390019430000320023349000790026565000270034483000870037185200320045899900170049095201220050735776ES-MaACL20250904205328.0t|030214s1966 sp ||||1| spa d1 aBozal, Valeriano, d1940-2023924222513aEl realismo entre el desarrollo y el subdesarrollo / cValeriano Bozal. aMadrid : bCiencia Nueva, c[1966] a208 p., 8 lám. ; c20 cm.1 aColección "Los Complementarios" de Ensayistas Españoles Contemporaneos04aRealismo (Arte)9166880 aColección "Los Complementarios" de Ensayistas Españoles Contemporaneos9229549 aES-MaACLjC-31909 bR.61497 c35776d35776 00104070aATENEOMbATENEOMcDEPO2d2008-01-17eSCl0oC-31909p1037477r2023-02-23 00:00:00w2023-02-23yMONOGRAFIA